Southville International School and Colleges
Your cart is empty.
  • Cart
  • Lists
    Public lists Eva Luna New books Lux_list list_1
    Your lists Log in to create your own lists
  • Log in to your account
  • Your cookies
  • Search history
Southville International School and Colleges
  • Advanced search
  • Recent comments
  • Most popular
  • Libraries

Log in to your account

Log in with GOOGLE


If you do not have an external account, but do have a local account, you can still log in:

  1. Home
  2. MARC view: Economics for today /
Normal view MARC view ISBD view

Economics for today / (Record no. 275591)

[ view plain ]
MARC details
000 -LEADER
fixed length control field 00785cam a2200241 a 4500
003 - CONTROL NUMBER IDENTIFIER
control field SISC
005 - DATE AND TIME OF LATEST TRANSACTION
control field 20160823090712.0
008 - FIXED-LENGTH DATA ELEMENTS--GENERAL INFORMATION
fixed length control field 100709s2011 au a b 001 0 eng
010 ## - LIBRARY OF CONGRESS CONTROL NUMBER
LC control number 2010932210
020 ## - INTERNATIONAL STANDARD BOOK NUMBER
International Standard Book Number 1133582044
020 ## - INTERNATIONAL STANDARD BOOK NUMBER
International Standard Book Number 9781133582045
050 00 - LIBRARY OF CONGRESS CALL NUMBER
Classification number HB 171.5
Item number .T796e 2014
100 1# - MAIN ENTRY--PERSONAL NAME
Personal name Tucker, Irvin B.
245 10 - TITLE STATEMENT
Title Economics for today /
Statement of responsibility, etc Irvin B. Tucker.
250 ## - EDITION STATEMENT
Edition statement 8th edition.
Remainder of edition statement International edition.
260 ## - PUBLICATION, DISTRIBUTION, ETC. (IMPRINT)
Place of publication, distribution, etc Australia :
Name of publisher, distributor, etc South-Western/Cengage Learning,
Date of publication, distribution, etc 2014.
300 ## - PHYSICAL DESCRIPTION
Extent xxxi, 912 pages :
Other physical details color illustrations ;
Dimensions 26 cm.
500 ## - GENERAL NOTE
General note Includes glossary, bibliographical references and index.
521 ## - TARGET AUDIENCE NOTE
Target audience note Business Administration
650 #0 - SUBJECT ADDED ENTRY--TOPICAL TERM
Topical term or geographic name as entry element Economics.
650 #0 - SUBJECT ADDED ENTRY--TOPICAL TERM
Topical term or geographic name as entry element United States
General subdivision Economic conditions
Chronological subdivision 2001-2011.
942 ## - ADDED ENTRY ELEMENTS (KOHA)
Source of classification or shelving scheme Library of Congress Classification
Koha item type Books
Call number prefix Foreign
Holdings
Withdrawn status Lost status Source of classification or shelving scheme Damaged status Home library Current library Shelving location Date acquired Source of acquisition Cost, normal purchase price Total Checkouts Full call number Barcode Date last seen Date checked out Price effective from Koha item type
Withdrawn   Library of Congress Classification   College Library College Library Reserve Section 09/24/2014 Donation 1825.00 1 HB 171.5 .T796e 2014 C18623 11/11/2015 11/10/2015 09/24/2014 Books

Economics for today /

APA

Tucker I. B., . (2014). Economics for today. Australia: South-Western/Cengage Learning.

Chicago

Tucker Irvin B, . 2014. Economics for today. Australia: South-Western/Cengage Learning.

Harvard

Tucker I. B., . (2014). Economics for today. Australia: South-Western/Cengage Learning.

MLA

Tucker Irvin B, . Economics for today. Australia: South-Western/Cengage Learning. 2014.

  • Print
  • Cite
  • Add to your cart (remove)
  • Save record
    BIBTEX Dublin Core MARCXML MARC (non-Unicode/MARC-8) MARC (Unicode/UTF-8) MARC (Unicode/UTF-8, Standard) MODS (XML) RIS
  • More searches
    Search for this title in:
    Other Libraries (WorldCat) Other Databases (Google Scholar) Online Stores (Bookfinder.com) Open Library (openlibrary.org)

Exporting to Dublin Core...

SOUTHVILLE LIBRARY

Southville International School and Colleges Library

1281 Tropical Ave. Cor. Luxembourg St., BF Homes International, Las Pinas City

Tel. No. 8256374 / 252358 Loc. 117/146

Powered by Koha